[Event "CZE-ch Betsys Online Blitz"]
[Site "Chess.com INT"]
[Date "2021.04.17"]
[Round "13"]
[White "Bara, Jan"]
[Black "Macurek, Miloslav"]
[Result "0-1"]
[WhiteElo "1298"]
[BlackElo "1887"]
[PlyCount "83"]
[EventDate "2021.04.17"]
[EventType "swiss (blitz)"]
[EventRounds "13"]
[EventCountry "CZE"]
[SourceTitle "CBM 201 Extra"]
[Source "ChessBase"]
[SourceDate "2021.05.31"]
[SourceVersion "1"]
[SourceVersionDate "2021.05.31"]
[SourceQuality "1"]

1. d4 Nf6 2. c4 g6 3. Nc3 Bg7 4. Nf3 d6 5. g3 0-0 6. Bg2 Nc6 7. 0-0 e5 8. Bg5 h6 9. dxe5 Nxe5 10. Bxf6 Bxf6 11. Nxe5 dxe5 12. Qxd8 Rxd8 13. Rad1 Rxd1 14. Rxd1 c6 15. Ne4 Be7 16. Nd6 Bxd6 17. Rxd6 Be6 18. b3 Kf8 19. f4 exf4 20. gxf4 Ke7 21. Rd1 f5 22. e4 Rd8 23. Rxd8 Kxd8 24. exf5 Bxf5 25. Kf2 Bb1 26. a3 Ba2 27. b4 Bxc4 28. Ke3 Ke7 29. Kd4 Be6 30. Be4 g5 31. fxg5 hxg5 32. b5 Kd6 33. bxc6 bxc6 34. a4 c5+ 35. Kc3 a5 36. Bc2 Ke5 37. Kd3 Bf5+ 38. Kd2 Bxc2 39. Kxc2 Kd4 40. Kd2 Kc4 41. Kc2 g4 42. Kb2 0-1

[Event "CZE-ch Betsys Online Blitz"]
[Site "Chess.com INT"]
[Date "2021.04.17"]
[Round "8"]
[White "Macurek, Miloslav"]
[Black "Stein, Michael1111"]
[Result "1-0"]
[WhiteElo "1887"]
[BlackElo "1115"]
[PlyCount "77"]
[EventDate "2021.04.17"]
[EventType "swiss (blitz)"]
[EventRounds "13"]
[EventCountry "CZE"]
[SourceTitle "CBM 201 Extra"]
[Source "ChessBase"]
[SourceDate "2021.05.31"]
[SourceVersion "1"]
[SourceVersionDate "2021.05.31"]
[SourceQuality "1"]

1. d4 Nf6 2. Bf4 e6 3. e3 d5 4. c4 c5 5. dxc5 Bxc5 6. Nf3 Nc6 7. Nc3 Bb4 8. Qb3 Qe7 9. Be2 Ne4 10. cxd5 exd5 11. 0-0 0-0 12. Nxd5 Qe6 13. Nc7 Qxb3 14. axb3 Rb8 15. Bb5 Bf5 16. Bxc6 bxc6 17. Rxa7 Bc5 18. Ra6 Rxb3 19. Rxc6 Rxb2 20. Ng5 Nxg5 21. Rxc5 Ne6 22. Rxf5 Nxf4 23. Rxf4 Rc2 24. Nd5 Re8 25. Rd4 Rd8 26. Nf6+ gxf6 27. Rxd8+ Kg7 28. Rd4 f5 29. Rfd1 f6 30. Rd7+ Kg6 31. h3 h5 32. g3 Kg5 33. h4+ Kg4 34. Kg2 f4 35. R7d4 Kf5 36. Rxf4+ Ke5 37. Rdd4 Ke6 38. Rde4+ Kf7 39. Rf5 1-0